000 00668nam a2200289Ia 4500
005 20260324132419.0
008 008 260324s9999 xx 000 0 eng d
020 _a9780203998182
037 _aEBOOK
040 _aCRL
040 _beng
040 _cCRL
041 _2eng
041 _aeng
084 _qCRL
100 _aJean Benedetti
_91122202
245 0 _aStanislavski
245 3 _bAn Introduction, Revised and Updated
260 _bTaylor and Francis
260 _c2004
365 _a
365 _b120
856 _uhttp://www.taylorfrancis.com/books/9780203998182
942 _cEBOOK
999 _c1787282
_d1787282